000 00288nam a2200121 i 4500
001 bg
245 0 _aPoluprovodnikovye pribory v technike elektrosvjazi.Vyp.15.
260 _aMoskva,
_c1976.
040 _cBPK
041 _apol
942 _cKS
008 s pl f |000 0 pol
999 _c17009
_d17009
856 _uhttp://koha.tu.koszalin.pl/cgi-bin/koha/opac-detail.pl?biblionumber=17009
_yKatalog online BPK